书目信息 |
| 题名: |
养兔
|
|
| 作者: | 崔鼎 , 俞勉之 编著 | |
| 分册: | ||
| 出版信息: | 北京 农业出版社 1985.5 |
|
| 页数: | 112页 | |
| 开本: | 19cm | |
| 丛书名: | 农家饲养业丛书 | |
| 单 册: | ||
| 中图分类: | S829.1 | |
| 科图分类: | ||
| 主题词: | 兔--饲养管理 | |
| 电子资源: | ||
| ISBN: | 7-109-00803-7 | |
| 000 | 00719nam2 2200265 450 | |
| 001 | 0100426092 | |
| 005 | 20020928000000.0 | |
| 010 | @a7-109-00803-7@dCNY2.00 | |
| 011 | @a7-109-00803-7 | |
| 100 | @a19930925e19931985em y0chiy0110 ea | |
| 101 | 0 | @achi |
| 102 | @aCN@b110000 | |
| 105 | @ay z 000yy | |
| 106 | @ar | |
| 200 | 1 | @a养兔@9Yang Tu @f崔 鼎,俞勉之编著@b专著 |
| 210 | @a北京@c农业出版社@d1985.5@h1993.8重印 | |
| 215 | @a112页@d19cm | |
| 225 | 2 | @a农家饲养业丛书 |
| 410 | 0 | @12001 @a农家饲养业丛书 |
| 606 | 0 | @a兔@x饲养管理 |
| 690 | @aS829.1@v三版 | |
| 701 | 0 | @a崔鼎@9cui ding@4编著 |
| 701 | 0 | @a俞勉之@9yu mian zhi@4编著 |
| 801 | 0 | @aCN@bAiZhiMarc@c19930925 |
| 905 | @aBZT@dS82@e164@f1@sS82/164 | |
| 养兔/崔 鼎,俞勉之编著.-北京:农业出版社,1985.5(1993.8重印) |
| 112页;19cm.-(农家饲养业丛书) |
| ISBN 7-109-00803-7:CNY2.00 |
| ● |
| 相关链接 |
|
|
|
正题名:养兔
索取号:S82/164
 
预约/预借
| 序号 | 登录号 | 条形码 | 馆藏地/架位号 | 状态 | 备注 |
| 1 | 2000086633 | 2000086633 | 旧书回溯/ [索取号:S82/164] | 在馆 |